| 000 | 00967cab a2200253 4500 | ||
|---|---|---|---|
| 001 | X89895 | ||
| 008 | 090401t1998 xxu||||| |||| 00| 0 eng d | ||
| 035 | _a(Sirsi) u84341 | ||
| 041 | _aeng | ||
| 245 | _aMoore v SoS | ||
| 260 | _c1998 | ||
| 350 | _a0 | ||
| 490 |
_aNew Property Cases _v[1998] NPC 20(3) |
||
| 520 | _aDefinition of `Dwellinghouse`. Whether self-contained units of residential accommodation created out of the outbuildings of a country house were `dwelling houses` within meaning of s171(B)(2) Town and Country Planning Act 1990 s171(B)(2). Four year time limit on enforcement action. Concept pf `planning unit`. HEADNOTE FROM JOURNAL - DO NOT PHOTOCOPY. | ||
| 650 | _aCOUNTRY HOUSES | ||
| 650 | _aDWELLINGHOUSE | ||
| 650 | _aMOORE V SOS | ||
| 650 | _aOUTBUILDINGS | ||
| 650 | _aPLANNING UNIT | ||
| 650 | _aTWON AND COUNTRY PLANNING ACT 1990 S171 | ||
| 690 | _aPLANNING LAW AND PRACTICE-CASE LAW | ||
| 942 | _n0 | ||
| 948 | _c19/02/1998 | ||
| 999 |
_c53003 _d53003 |
||